000 00829nam a22002057a 4500
999 _c61431
_d61431
005 20240313111845.0
008 240313s1963 ru ||||| |||| 00| 0 rus d
041 _arus
080 _a821.124-1 K-29
100 _aКатулл, Валерий
_921403
245 _a Сочинения /
_cВалерий Катулл. Альбий Тибулл. Секст Проперций.
264 _aМосква :
_bГос. изд-во худож. лит-ры,
_c1963.
300 _a512 с.;
_b21 см.
440 _aБиблиотека античной литературы
_920427
653 _aპოემა
700 _aКатулл, B.
_eავტორი
_921404
700 _aТибулл, А.
_eავტორი
_qС
_921405
700 _aПроперций, С.
_eავტორი
_921406
942 _2udc
_cᲬᲘᲒᲜᲘ